000 02629cam a22006134i 4500
003 PE-LiUPU
005 20250731180115.0
008 150529s2008 sp a rb 001 0 spa d
020 _a9788448166038
035 _a(Sirsi) i9788448166038
040 _aPE-LiUPU
_bspa
_cPE-LiUPU
_erda
041 1 _aspa
_heng
049 _aPRUA
082 0 4 _a532
_bW62
_220
100 1 _aWhite, Frank M.,
_eautor.
245 1 0 _aMecánica de fluidos /
_cFrank M. White.
250 _aSexta edición.
264 1 _aMadrid :
_bMcGraw-Hill,
_c[2008].
300 _axvi, 864 páginas :
_bilustraciones ;
_c25 centímetros
336 _atext
_2rdacontent
337 _aunmediated
_2rdamedia
338 _avolume
_2rdacarrier
504 _aBibliografía al final de cada capítulo.
504 _aÍndice alfabético : 851-864.
505 0 _aIntroducción -- Distribución de presiones en un fluido -- Relaciones integrales para un volumen de control -- Relaciones diferenciales para una partícula fluida -- Análisis dimensional y semejanza -- Flujo viscoso en conductos -- Flujo alrededor de cuerpos -- Flujo potencial y Mecánica de Fluidos Computacional -- Flujo comprensible -- Flujo de canales abiertos -- Turbomáquinas.
526 _aSEG44
526 _aSEG26
526 _aP159
526 _aP155
526 _aP154
526 _aP153
526 _aP150
526 _aP100
526 _aP31
526 _aP30
526 _aP26
526 _aP25
526 _aP24
526 _aP22
526 _aP15
526 _aP10
534 _pTítulo original :
_tFluid mechanics, sixth edition.
541 _g043-0014413;
650 7 _aMecánica de fluidos.
_2embne
650 7 _aMecánica de fluidos.
_2embne
910 _acce
_bjvq
_ccce
_d20150520
942 _2ddc
_cBOOK
949 _a532 W62
_wDEWEY
_c1
_i71071
_d2016-5-31
_e2016-5-24
_lCCODEBUL1
_mBUL
_n6
_p72.05
_r0
_sY
_tBOOK
_u2015-5-29
_xINGENIERIA
_PP25
_0COMPRA
_o.STAFF. Colección General
949 _a532 W62
_wDEWEY
_c2
_i71072
_d2016-6-16
_e2016-6-16
_lCCODEBUL1
_mBUL
_n5
_p72.05
_r0
_sY
_tBOOK
_u2015-5-29
_xINGENIERIA
_PP25
_0COMPRA
_o.STAFF. Colección General
994 _aC0
_bPEPRU
596 _a1
999 _a532 W62
_wDEWEY
_c28097
_i71071
_d28097
_e2019-9-23
_f2021-11-9
_g7
_lCCODEBUL1
_mBUL
_n11
_p72.05
_q3
_r0
_sY
_tBOOK
_u2015-5-29
_xINGENIERIA
_PP25
_0COMPRA
_o.STAFF. Colección General
999 _a532 W62
_wDEWEY
_c2
_i71072
_d2019-5-14
_e2018-3-7
_f2021-11-9
_g7
_lCCODEBUL1
_mBUL
_n6
_p72.05
_q2
_r0
_sY
_tBOOK
_u2015-5-29
_xINGENIERIA
_PP25
_0COMPRA
_o.STAFF. Colección General
980 _81
_gALBERTO SANCHEZ Responsable de Automatización